Elektrotechnická příručka 1990/91 /

Gespeichert in:
Bibliographische Detailangaben
1. Verfasser: Sládek, Dušan (Verfasst von)
Format: Buch
Sprache:Tschechisch
Veröffentlicht: Praha : SNTL, 1990
Tags: Tag hinzufügen
Keine Tags, Fügen Sie das erste Tag hinzu!

MARC

LEADER 00000nam a22000003a 4500
001 stu448
005 20150617225655.3
008 910529s1990----cs------------------cze-d
040 |a STU  |b slo 
041 0 |a cze 
044 |a cs 
080 |a 621.3(023)"1990/91" 
100 1 |a Sládek, Dušan  |4 aut 
245 1 |a Elektrotechnická příručka 1990/91 /  |c Zost.: Sládek,D. a kol 
260 |a Praha :  |b SNTL,  |c 1990 
300 |a 307 s 
996 |b 284EK07455  |c E*69798  |l EE01  |s A  |a 24  |w stu448_0001 
996 |b E69800  |c E*69800  |l EE11  |s P  |a 0  |w stu448_0002